|
|
|
|
| LEADER |
00000nam0a2200000 4500 |
| 001 |
336772 |
| 005 |
20231102004903.0 |
| 035 |
|
|
|a (RuTPU)RU\TPU\book\363224
|
| 035 |
|
|
|a RU\TPU\book\152321
|
| 090 |
|
|
|a 336772
|
| 100 |
|
|
|a 20171024d1978 k y0rusy50 ca
|
| 101 |
0 |
|
|a rus
|
| 102 |
|
|
|a KZ
|
| 105 |
|
|
|a a z 001zy
|
| 200 |
1 |
|
|a Гомогенное окисление
|e сборник статей
|f Академия наук Казахской ССР (АН КазССР), Институт органического катализа и электрохимии (ИОКЭ) ; отв. ред. Я. А. Дорфман
|
| 210 |
|
|
|a Алма-Ата
|c Наука
|d 1978
|
| 215 |
|
|
|a 111 с.
|c ил.
|
| 225 |
1 |
|
|a Труды института органического катализа и электрохимии
|v Т. 17
|
| 320 |
|
|
|a Библиография в конце статей
|
| 606 |
1 |
|
|a Катализ гомогенный
|2 stltpush
|3 (RuTPU)RU\TPU\subj\14049
|9 40541
|
| 610 |
1 |
|
|a гомогенное окисление
|
| 610 |
1 |
|
|a катализаторы
|
| 610 |
1 |
|
|a окислительно-восстановительные реакции
|
| 610 |
1 |
|
|a окись углерода
|
| 610 |
1 |
|
|a окись водорода
|
| 610 |
1 |
|
|a окись азота
|
| 610 |
1 |
|
|a кислород
|
| 610 |
1 |
|
|a вода
|
| 610 |
1 |
|
|a органические соединения
|
| 610 |
1 |
|
|a потенциометрический анализ
|
| 610 |
1 |
|
|a нанесенные катализаторы
|
| 610 |
1 |
|
|a карбонилирование
|
| 610 |
1 |
|
|a ацетиленовые соединения
|
| 610 |
1 |
|
|a водные среды
|
| 610 |
1 |
|
|a спиртовые среды
|
| 675 |
|
|
|a 544.47:544.342
|v 3
|
| 702 |
|
1 |
|a Дорфман
|b Я. А.
|g Яков Аврамович
|4 340
|
| 712 |
0 |
2 |
|a Академия наук Казахской ССР (АН КазССР)
|b Институт органического катализа и электрохимии (ИОКЭ)
|c (Алма-Ата)
|2 stltpush
|3 (RuTPU)RU\TPU\col\15443
|
| 801 |
|
1 |
|a RU
|b 63413507
|c 20080703
|g PSBO
|
| 801 |
|
2 |
|a RU
|b 63413507
|c 20211006
|g PSBO
|
| 942 |
|
|
|c BK
|